Statistiques concernant Les Pokémons oiseaux

Cliquez ici pour prendre le quiz!

Statistiques générales

  • Ce quiz a été pris 20 fois
  • Le résultat moyen est 33 sur 69

Statistiques - réponses

#Nom% Correct
144Artikodin
93%
018Roucarnage
93%
016Roucool
93%
017Roucoups
93%
396Etourmi
86%
397Etourvol
86%
146Sulfura
86%
398Etouraptor
79%
145Électhor
71%
277Hélédelle
71%
021Piafabec
71%
663Flambusard
64%
250Ho-oh
64%
276Nirondelle
64%
022Rapasdepic
64%
520Colombeau
57%
084Doduo
57%
628Gueriaigle
57%
163HootHoot
57%
661Passerouge
57%
334Altaria
50%
733Bazoucan
50%
279Bekipan
50%
823Corvaillus
50%
580Couaneton
50%
521Déflaisan
50%
085Dodrio
50%
278Goélise
50%
581Lakmécygne
50%
731Picassaut
50%
519Poichigeon
50%
822Bleuseille
43%
662Braisillon
43%
198Cornèbre
43%
723Efflèche
43%
627Furaiglon
43%
256Galifeu
43%
962Lestombaile
43%
821Minisange
43%
164Noarfang
43%
732Piclairon
43%
395Pingoléon
43%
255Poussifeu
43%
394Prinplouf
43%
393Tiplouf
43%
333Tylton
43%
567Aéroptéryx
36%
724Archéduc
36%
722Brindibou
36%
083Canarticho
36%
430Corboss
36%
941Fulgulairo
36%
441Pijako
36%
940Zapétrel
36%
227Airmure
29%
055Akwakwak
29%
566Arkéapti
29%
701Brutalibré
29%
973Flamenroule
29%
741Plumeline
29%
054Psykokwak
29%
931Tapatoès
29%
875Bekaglaçon
21%
956Cléopsytra
21%
912Coiffeton
21%
865Palarticho
21%
913Canarbello
14%
914Palmaval
14%
951Pimito
0%

Distribution des résultats

Percentile par nombre de réponses

% des personnes avec chaque résultat

Votre développement - résultats

Vous n’avez pas pris ce quiz